Statistics for 100 Biggest Cities in Europe with a Map

Click here to take the quiz!

General Stats

  • This quiz has been taken 264,846 times
    (187,333 since last reset)
  • The average score is 60 of 97

Answers on the Map

Answers color-coded by a green-red scale on the quiz's map according to % correct below.
 

Answer Stats

PopulationAnswer% Correct
14.8mLondon
99%
11.4mParis
98%
6.55mMadrid
97%
17.3mMoscow
97%
3.58mRome
97%
4.73mBerlin
96%
4.78mBarcelona
95%
1.39mDublin
95%
2.48mLisbon
94%
1.19mOslo
94%
3.35mAthens
93%
2.48mAmsterdam
91%
16.0mIstanbul
91%
3.48mKyiv
91%
6.20mMilan
91%
2.23mStockholm
91%
1.30mHelsinki
90%
5.65mSaint Petersburg
90%
3.05mManchester
89%
2.25mVienna
89%
2.38mWarsaw
89%
2.70mBrussels
87%
2.25mMunich
87%
2.63mBudapest
86%
1.68mCopenhagen
86%
1.44mPrague
84%
1.88mLiverpool
83%
4.23mNaples
83%
935kEdinburgh
80%
1.30mSofia
80%
2.20mBucharest
79%
1.68mGlasgow
79%
2.88mHamburg
79%
2.00mMinsk
79%
1.66mMarseille
77%
3.25mRotterdam / The Hague
77%
809kZagreb
77%
1.54mPorto
76%
3.15mBirmingham
75%
1.98mLyon
75%
3.25mFrankfurt am Main
74%
1.43mZürich
73%
946kNice
72%
1.42mBelgrade
70%
1.29mSeville
68%
1.84mValencia
68%
872kTirana
66%
1.64mTurin
66%
791kGeneva
64%
1.01mFlorence
63%
960kCardiff
62%
2.18mLeeds
62%
819kKraków
61%
1.08mBordeaux
59%
900kPalermo
59%
1.48mNewcastle
58%
911kBilbao
55%
904kGdańsk
54%
1.22mAntwerp
52%
2.40mStuttgart
52%
926kBristol
51%
708kGothenburg
51%
1.11mOdessa
50%
806kThessaloniki
50%
834kDresden
49%
1.03mMálaga
48%
1.04mToulouse
48%
1.29mLille
47%
1.16mSouthampton
47%
748kLeipzig
45%
1.00mBremen
44%
1.57mSheffield
44%
1.44mDonetsk
40%
1.15mHanover
40%
716kNantes
40%
1.38mNottingham
39%
1.20mNuremberg
39%
725kLviv
38%
712kLeicester
37%
726kZaragoza
37%
771kBasel
36%
1.64mKharkiv
36%
1.41mVolgograd
31%
829kŁódź
30%
995kUtrecht
30%
1.30mRostov-on-Don
29%
704kCatania
27%
813kAachen
24%
1.73mNizhny Novgorod
24%
1.58mMannheim
23%
1.39mDnipro
22%
712kCoventry
20%
907kSaarbrücken
20%
915kKrasnodar
18%
935kBielefeld
15%
1.06mVoronezh
11%
739kZaporizhia
10%

Score Distribution

Percentile by Number Answered

Percent of People with Each Score

Your Score History

You have not taken this quiz since the last reset